<?xml version="1.0" encoding="UTF-8"?>
<collection xmlns:xsi="http://www.w3.org/2001/XMLSchema-instance" xsi:schemaLocation="http://www.loc.gov/MARC21/slim http://www.loc.gov/standards/marcxml/schema/MARC21slim.xsd" xmlns="http://www.loc.gov/MARC21/slim">
 <record>
  <leader>00000cab a22000004cb4500</leader>
  <controlfield tag="001">IPP-00000638961</controlfield>
  <controlfield tag="003">IPP</controlfield>
  <controlfield tag="005">20220530140309.0</controlfield>
  <controlfield tag="008">220530s2019    xx     d | ||r |||||eng||</controlfield>
  <datafield tag="041" ind1="#" ind2="#">
   <subfield code="a">eng</subfield>
  </datafield>
  <datafield tag="100" ind1="1" ind2="#">
   <subfield code="a">Bulwayan, Ronald B.</subfield>
  </datafield>
  <datafield tag="245" ind1="1" ind2="0">
   <subfield code="a">The functions of bayas in bodong celebration among the Kalingas</subfield>
  </datafield>
  <datafield tag="264" ind1="#" ind2="1">
   <subfield code="c">2019</subfield>
  </datafield>
  <datafield tag="300" ind1="#" ind2="#">
   <subfield code="b">tables; references</subfield>
  </datafield>
  <datafield tag="520" ind1="#" ind2="#">
   <subfield code="a">The study looked into the functions of bayas in the bodong celebration of the Kalingas. It made use of the ethnographic method, specifically interviews with the elders and bodong holders. Actual photo-documentation was also used to capture essential procedures of the rituals.  It found out of that bayas is used as a major ingredient and material necessary necessary in a badong celebration. Specifically, the bayas suggests welcome for visitors, show of acceptance and accommodation in the community, acknowledging the presence of elders and agreement or approval of the pagta. It was also noted that the use and implications of bayas in Kalinga celebrations relate to religious beliefs and scientific explanations.</subfield>
  </datafield>
  <datafield tag="650" ind1="1" ind2="0">
   <subfield code="a">Wines</subfield>
  </datafield>
  <datafield tag="650" ind1="2" ind2="0">
   <subfield code="a">Bodong (Peace pact)</subfield>
  </datafield>
  <datafield tag="650" ind1="2" ind2="0">
   <subfield code="a">Kalinga (Mountain, Province)</subfield>
  </datafield>
  <datafield tag="700" ind1="1" ind2="#">
   <subfield code="a">Alunday-Balocnit, Divina</subfield>
  </datafield>
  <datafield tag="773" ind1="0" ind2="#">
   <subfield code="t">KSU Research Journal</subfield>
   <subfield code="g">Vol. 16, no. 1 (Jun. 2019), 62-68</subfield>
  </datafield>
  <datafield tag="942" ind1="#" ind2="#">
   <subfield code="a">Article</subfield>
  </datafield>
  <datafield tag="950" ind1="#" ind2="#">
   <subfield code="a">FI</subfield>
  </datafield>
 </record>
</collection>
